000 00336nam a2200157Ia 4500
003 OSt
005 20240111110653.0
008 170524s9999 xx 000 0 und d
020 _a9780070647749
040 _ciimtu
100 _aBarrow Gordon M
245 0 _aPhysical Chemistry
260 _bTMH
260 _c2007
942 _2ddc
_c02
999 _c4640
_d4640